| LEADER | 00600cam a2200193 7i4500 | ||
|---|---|---|---|
| 001 | 0000079376 | ||
| 005 | 20230823090000.0 | ||
| 020 | |a 9789814361521 (paperback) | ||
| 090 | 0 | 0 | |a TX714 |b .W22 2012 |
| 100 | 1 | |a Wan, Chef | |
| 245 | 1 | 0 | |a Simply sedap : |b Chef Wan's favourite recipes |c Chef Wan. |
| 264 | |a Singapore: |b Marshall Cavendish, |c 2012. | ||
| 300 | |a 196 pages: |b colour illustrations; |c 24 cm. | ||
| 336 | |a text |2 rdacontent | ||
| 337 | |a unmediated |2 rdamedia | ||
| 338 | |a volume |2 rdacarrier | ||
| 504 | |a ncludes index | ||
| 650 | 0 | |a Cooking | |
| 999 | |a 0000070188 |b BOK |c OPEN SHELF |e 1st Floor, Shah Alam | ||


